| 000 | 00478nam a2200169Ia 4500 | ||
|---|---|---|---|
| 999 |
_c28839 _d28839 |
||
| 003 | OSt | ||
| 005 | 20210105085520.0 | ||
| 008 | 190216s9999||||xx |||||||||||||| ||und|| | ||
| 040 | _coclc | ||
| 082 |
_a894.8129 _bRAV/P |
||
| 100 |
_aRavunny _97539 |
||
| 245 | 0 |
_aPavi: Snehakalahangalude Uppu / _cRavunny |
|
| 260 |
_bLipi Publication, _aTrissur: _c2006. |
||
| 300 | _a112p | ||
| 650 | _aOormakurip | ||
| 942 |
_cBK _2ddc _h894.8129 _iRAV/P _k894.8129 _mRAV/P |
||